| 000 | 00329nam a2200097Ia 4500 | ||
|---|---|---|---|
| 008 | 180205s9999 xx 000 0 und d | ||
| 100 | _aEsguerra, Jose Perico H. | ||
| 245 |
_aTeaching guide for senior high school physical science : _bcore subject |
||
| 260 |
_aQuezon City _bCommision on higher education _c2016 |
||
| 300 | _a294 pages | ||
| 999 |
_c354942 _d354942 |
||